GOOD LABORATORY PRACTICE REGULATIONS. (Record no. 26922)

MARC details
000 -LEADER
fixed length control field 00410nam a22001697a 4500
003 - CONTROL NUMBER IDENTIFIER
control field SGT
020 ## - INTERNATIONAL STANDARD BOOK NUMBER
International Standard Book Number 9780367411374
082 ## - DEWEY DECIMAL CLASSIFICATION NUMBER
Classification number 615.1907
Item number G24W
100 ## - MAIN ENTRY--PERSONAL NAME
Personal name WEINBERG, SANDY, ed.
245 ## - TITLE STATEMENT
Title GOOD LABORATORY PRACTICE REGULATIONS.
250 ## - EDITION STATEMENT
Edition statement 4TH
260 ## - PUBLICATION, DISTRIBUTION, ETC. (IMPRINT)
Place of publication, distribution, etc LONDON
Name of publisher, distributor, etc CRC PRESS
Year of Publication 2024
300 ## - PAGE DESCRIPTION
No. of Pages 285
650 ## - SUBJECT ADDED ENTRY--TOPICAL TERM
Topical term or geographic name as entry element PHARMACY
653 ## - KEYWORDS--INDEX TERM
Keyword term GOOD, LABORATORY, PRACTICE, REGULATIONS.
942 ## - ADDED ENTRY ELEMENTS (KOHA)
Source of classification or shelving scheme Dewey Decimal Classification
Koha item type Books
Holdings
Withdrawn status Lost status Source of classification or shelving scheme Damaged status Use restrictions Not for loan Collection code Home library Current library Shelving location Date acquired Vendor Name Cost, normal purchase price Volume Information (Serial or Books or Non-Book Material) SGTU Bill Number Full call number Accession No. (Barcode) Date last seen Bill Date Koha item type Total Checkouts
    Dewey Decimal Classification   Restricted Access   PHARMACY SGT FA-FP Library SGT FA-FP Library Reference Book 23/09/2024 AHUJA PUB. 3495.00 168 SGTU 19381 615.1907 G24W FP4903 23/09/2024 13/08/2024 Books  
    Dewey Decimal Classification       PHARMACY SGT FA-FP Library SGT FA-FP Library Reference Book 23/09/2024 AHUJA PUB. 3495.00 168 SGTU 19381 615.1907 G24W FP4904 23/09/2024 13/08/2024 Books